[Event "Karl Mala Memorial op 09th"]
[Site "Frankfurt"]
[Date "2005.07.31"]
[Round "6"]
[White "Sell, Kurt Oliver"]
[Black "Hoegy, Kevin"]
[Result "0-1"]
[WhiteElo "1240"]
[BlackElo "1471"]
[PlyCount "98"]
[EventDate "2005.07.28"]
[EventType "swiss"]
[EventRounds "7"]
[EventCountry "GER"]
[SourceTitle "EXT 2006"]
[Source "ChessBase"]
[SourceDate "2005.11.24"]
[SourceVersion "1"]
[SourceVersionDate "2005.11.24"]
[SourceQuality "1"]

1. e4 Nf6 2. e5 Nd5 3. Bc4 Nb6 4. Bb3 d6 5. exd6 cxd6 6. d3 g6 7. Bg5 Bg7 8. c3 N8d7 9. Nf3 Nf6 10. Nbd2 Bd7 11. Qc2 0-0 12. 0-0 Rc8 13. Rfe1 h6 14. Bh4 e6 15. Bg3 d5 16. d4 Bc6 17. Ne5 Nbd7 18. Nxc6 bxc6 19. Nf3 Ne4 20. Bf4 c5 21. Nd2 cxd4 22. Nxe4 dxe4 23. Bd2 Nc5 24. Bc4 Qc7 25. b3 Rfd8 26. cxd4 Bxd4 27. Rab1 Kg7 28. Bc3 e5 29. Bxd4 exd4 30. Qb2 f5 31. Rbd1 Qe5 32. f4 Qf6 33. Re2 d3 34. Qxf6+ Kxf6 35. Re3 Rc7 36. Rd2 Ne6 37. g3 Nd4 38. Kf2 Nc2 39. h3 Nxe3 40. Kxe3 a5 41. a4 Rd6 42. Kf2 Ke7 43. Ke3 Kd8 44. Rd1 Kc8 45. Rc1 Kb7 46. Ba6+ Rxa6 47. Rxc7+ Kxc7 48. g4 Rb6 49. gxf5 gxf5 0-1

[Event "Karl Mala Memorial op 09th"]
[Site "Frankfurt"]
[Date "2005.07.31"]
[Round "7"]
[White "Sell, Kurt Oliver"]
[Black "Schengel, Soeren"]
[Result "0-1"]
[WhiteElo "1240"]
[BlackElo "1528"]
[PlyCount "96"]
[EventDate "2005.07.28"]
[EventType "swiss"]
[EventRounds "7"]
[EventCountry "GER"]
[SourceTitle "EXT 2006"]
[Source "ChessBase"]
[SourceDate "2005.11.24"]
[SourceVersion "1"]
[SourceVersionDate "2005.11.24"]
[SourceQuality "1"]

1. e4 e6 2. d4 d5 3. exd5 exd5 4. Nf3 Nf6 5. Bg5 c6 6. Bd3 Bg4 7. 0-0 Be7 8. Re1 0-0 9. h3 Bh5 10. Be2 Nbd7 11. Nbd2 Re8 12. Nh2 Bg6 13. c3 Qc7 14. Ng4 Nxg4 15. Bxg4 Bxg5 16. Nf3 Bf6 17. Qd2 Re4 18. Nh2 Rae8 19. Rf1 h6 20. Nf3 Nb6 21. b3 h5 22. Nh2 hxg4 23. Nxg4 Re2 24. Nxf6+ gxf6 25. Qh6 R2e4 26. g4 Qf4 27. Qxf4 Rxf4 28. f3 Re3 29. Kg2 Rxc3 30. Kg3 Rxd4 31. Rf2 Rdd3 32. h4 Be4 33. Raf1 Nd7 34. h5 Ne5 35. Kh4 Nxf3+ 36. Rxf3 Rxf3 37. Rxf3 Rxf3 38. h6 Kh7 39. g5 Rf4+ 40. Kg3 fxg5 41. Kh2 Kxh6 42. Kg3 Kh5 43. Kh2 Kg4 44. a4 Rf2+ 45. Kg1 Kg3 46. b4 Bd3 47. b5 Ra2 48. bxc6 Ra1# 0-1